000 00825nam a2200265Ia 4500
003 OSt
005 20220925173657.0
006 a|||||r|||| 00| 0
007 ta
008 220923b |||||||| |||| 00| 0 eng d
020 _c
_ 32.50
037 _b2343, 21/11/1990, SBD
_cGeneral Book
040 _aRTL
_cRTL
_beng
041 _2eng
_aeng
082 _aX:77.791.N8, N0
100 _aDietz James L
_9244575
245 0 _aProgress towards development in Latin America
_bFr
260 _aBoulder
_bLynne Rienner
_c1990
300 _aviii, 232p
_ccm.
500 _aBibliography p.210-25
650 _aEconomic Development
_917300
700 _a James Dilmus D
_9244576
942 _hX:77.791.N8, N0
_cGB
_2CC
999 _c488658
_d488658